000 00425nam a2200157 4500
005 20260205130914.0
008 260205b |||||||| |||| 00|0 eng d
020 _a9789966047366
050 _aHJ3043
_b.N48 2021
100 _aNettoh, Job
245 _aAdvanced taxation:
_brevision kit
260 _aNairobi, Kenya
_bStrathmore University Press;
_c2021
300 _a238 p.:
_c28 cm.
650 _aTaxation
942 _2lcc
_cBK
999 _c60147
_d60147